<?xml version="1.0" encoding="UTF-8"?>
<record
    xmlns:xsi="http://www.w3.org/2001/XMLSchema-instance"
    xsi:schemaLocation="http://www.loc.gov/MARC21/slim http://www.loc.gov/standards/marcxml/schema/MARC21slim.xsd"
    xmlns="http://www.loc.gov/MARC21/slim">

  <leader>00811cam a2200253 i 4500</leader>
  <controlfield tag="001">j  66002307 </controlfield>
  <controlfield tag="003">DLC</controlfield>
  <controlfield tag="005">20260227111521.0</controlfield>
  <controlfield tag="008">990527s1953    ja a          000 0 jpn  </controlfield>
  <datafield tag="010" ind1=" " ind2=" ">
    <subfield code="a">j  66002307 </subfield>
  </datafield>
  <datafield tag="035" ind1=" " ind2=" ">
    <subfield code="a">(CStRLIN)DCLP99-B6437</subfield>
  </datafield>
  <datafield tag="040" ind1=" " ind2=" ">
    <subfield code="a">DLC</subfield>
    <subfield code="c">DLC-R</subfield>
    <subfield code="d">DLC-R</subfield>
    <subfield code="d">DLC</subfield>
  </datafield>
  <datafield tag="043" ind1=" " ind2=" ">
    <subfield code="a">a-ja---</subfield>
  </datafield>
  <datafield tag="050" ind1="0" ind2="0">
    <subfield code="a">PN2924.5.K9</subfield>
    <subfield code="b">Y3</subfield>
  </datafield>
  <datafield tag="066" ind1=" " ind2=" ">
    <subfield code="c">$1</subfield>
  </datafield>
  <datafield tag="100" ind1="1" ind2=" ">
    <subfield code="6">880-01</subfield>
    <subfield code="a">Yamamoto, T&#x14D;jir&#x14D;,</subfield>
    <subfield code="d">1937-</subfield>
  </datafield>
  <datafield tag="245" ind1="1" ind2="0">
    <subfield code="6">880-02</subfield>
    <subfield code="a">Aiky&#x14D;gen no kenky&#x16B; /</subfield>
    <subfield code="c">Yamamoto T&#x14D;jir&#x14D; cho.</subfield>
  </datafield>
  <datafield tag="260" ind1=" " ind2=" ">
    <subfield code="6">880-03</subfield>
    <subfield code="a">T&#x14D;ky&#x14D; :</subfield>
    <subfield code="b">Wan&#x2BC;ya Shoten,</subfield>
    <subfield code="c">Sh&#x14D;wa 28 [1953]</subfield>
  </datafield>
  <datafield tag="300" ind1=" " ind2=" ">
    <subfield code="a">6, 122 p. :</subfield>
    <subfield code="b">ill. ;</subfield>
    <subfield code="c">19 cm.</subfield>
  </datafield>
  <datafield tag="650" ind1=" " ind2="0">
    <subfield code="a">Ky&#x14D;gen.</subfield>
  </datafield>
  <datafield tag="880" ind1="1" ind2=" ">
    <subfield code="6">100-01/$1</subfield>
    <subfield code="a">&#x5C71;&#x672C;&#x6771;&#x6B21;&#x90CE;,</subfield>
    <subfield code="d">1937-</subfield>
  </datafield>
  <datafield tag="880" ind1="1" ind2="0">
    <subfield code="6">245-02/$1</subfield>
    <subfield code="a">&#x9593;&#x72C2;&#x8A00;&#x306E;&#x7814;&#x7A76; /</subfield>
    <subfield code="c">&#x5C71;&#x672C;&#x6771;&#x6B21;&#x90CE;&#x8457;.</subfield>
  </datafield>
  <datafield tag="880" ind1=" " ind2=" ">
    <subfield code="6">260-03/$1</subfield>
    <subfield code="a">&#x6771;&#x4EAC; :</subfield>
    <subfield code="b">&#x308F;&#x3093;&#x3084;&#x66F8;&#x5E97;,</subfield>
    <subfield code="c">&#x662D;&#x548C; 28 [1953]</subfield>
  </datafield>
  <datafield tag="999" ind1=" " ind2=" ">
    <subfield code="c">35107</subfield>
    <subfield code="d">35107</subfield>
  </datafield>
</record>
